000 00555nam a2200145Ia 4500
008 090122s9999 xx 000 0 und d
082 _b3442
_aO152:1:9
100 _aद्विवेदी
_bहजारीप्रसाद
245 _aमेघदूत - एक पुराणी कहाणी
600 _aद्विवेदी
630 _aमेघदूत - एक पुराणी कहाणी
700 _aद्विवेदी
730 _aमेघदूत - एक पुराणी कहाणी
942 _cBOOK
999 _c27520
_d27520